Український VATERLAND (Запис № 322821)

МАРК-запис
000 -Лідер
fixed length control field 00609nam a22002297a 4500
003 - Ідентифікатор контрольного номера
control field UA-OsUOA
001 - Контрольний номер
control field 36585
007 - Фіксоване поле фізичного опису
fixed length control field ta
008 - Елементи даних фіксованої довжини – загальна інформація
fixed length control field 20060203b un ||||| |||| 00| 0 ukr d
090 ## - Локальний шифр розміщення
Класифікаційний індекс УДК 82-92(477+430)
Авторський знак (НП) У45
040 ## - Джерело каталогізації
Агенція оригінальної каталогізації UA-OsUOA
Мова каталогізації ukr
Агенція, яка здійснювала перезапис UA-OsUOA
Агенція, яка здійснювала модифікацію UA-OsUOA
041 ## - Код мови
Код мови тексту/ звукової доріжки чи окремого заголовка (П) ukr
080 ## - Індекс Універсальної десяткової класифікації
Індекс Універсальної десяткової класифікації (УДК) (НП) 82-92(477+430)
020 ## - Міжнародний стандартний книжковий номер (ISBN)
Міжнародний стандартний книжковий номер (ISBN) (НП) 966-511-420-4
245 ## - Відомості про назву
Назва (НП) Український VATERLAND
260 ## - Публікація, розповсюдження і т.п. (Вихідні дані)
Місце публікації, розповсюдження і т.п. (П) Дніпропетровськ
Ім’я/ наймення видавництва, розповсюджувача і т.п. (П) Січ
Дата публікації, розповсюдження і т.п. (П) 2005
300 ## - Фізичний опис
Обсяг 182 с.
650 #7 - Додаткове предметне введення – тематичний термін
Тематичний термін чи географічна назва, як елемент введення (НП) 82 Література. Літературознавство
Джерело заголовка чи терміна UDC
942 ## - Додаткові елементи входу (Коха)
Тип елемента Koha Книги
955 ## - Код типу видання за змістом
Код типу видання за змістом (НП) Навчальні видання
Фонди
Стан вилучень Стан втрат Джерело класифікації або схеми стелажів Стан уражень Не для кредиту Постійне місце розташування Поточне розміщення Дата придбання Джерело придбання Вартість, звичайна ціна покупки Інвентарний номер Усього замовленно Повний номер виклику Штрих-код Дата останнього перегляду Ціна ефективна від Тип елемента Koha
    Universal Decimal Classification     АБ - Абонемент НБ АБ - Абонемент НБ 04/05/2007 91/2007 12.50 104581   82-92(477+430) У45 104581 20/01/2022 03/02/2006 Книги
    Universal Decimal Classification     АБ - Абонемент НБ АБ - Абонемент НБ 05/02/2009 21/2009 12.50 119326   82-92(477+430) У45 119326 20/01/2022 03/02/2006 Книги
    Universal Decimal Classification     АБ - Абонемент НБ АБ - Абонемент НБ 05/02/2009 21/2009 12.50 119327   82-92(477+430) У45 119327 20/01/2022 03/02/2006 Книги
    Universal Decimal Classification     АБ - Абонемент НБ АБ - Абонемент НБ 05/02/2009 21/2009 12.50 119328   82-92(477+430) У45 119328 20/01/2022 03/02/2006 Книги
    Universal Decimal Classification     АБ - Абонемент НБ АБ - Абонемент НБ 05/02/2009 21/2009 12.50 119329   82-92(477+430) У45 119329 20/01/2022 03/02/2006 Книги
    Universal Decimal Classification     АБ - Абонемент НБ АБ - Абонемент НБ 03/02/2006 13/2006 12.50 94645   82-92(477+430) У45 94645 20/01/2022 03/02/2006 Книги
    Universal Decimal Classification     АБ - Абонемент НБ АБ - Абонемент НБ 03/02/2006 13/2006 12.50 94646   82-92(477+430) У45 94646 20/01/2022 03/02/2006 Книги
    Universal Decimal Classification     АБ - Абонемент НБ АБ - Абонемент НБ 03/02/2006 13/2006 12.50 94647   82-92(477+430) У45 94647 20/01/2022 03/02/2006 Книги
    Universal Decimal Classification     ЧЗ - Читальна зала ЧЗ - Читальна зала 03/02/2006 13/2006 12.50 94739   82-92(477+430) У45 94739 08/11/2021 03/02/2006 Книги
    Universal Decimal Classification     ЧЗ - Читальна зала ЧЗ - Читальна зала 03/02/2006 13/2006 12.50 94740   82-92(477+430) У45 94740 08/11/2021 03/02/2006 Книги